Loading...
| Current Events | 2 | 15.00 | 50% | 100% | 0% |
| Fine Arts - Classical Music | 4 | 10.00 | 100% | 0% | 0% |
| Fine Arts - Other | 3 | 16.67 | 100% | 33% | 33% |
| Fine Arts - Painting and Sculpture | 5 | 12.00 | 100% | 20% | 0% |
| Geography | 2 | 20.00 | 100% | 50% | 50% |
| History - American | 5 | 10.00 | 40% | 60% | 0% |
| History - European | 5 | 20.00 | 100% | 80% | 20% |
| History - Other | 7 | 17.14 | 86% | 71% | 14% |
| History - World | 4 | 12.50 | 100% | 0% | 25% |
| Literature - American | 3 | 6.67 | 67% | 0% | 0% |
| Literature - British | 4 | 10.00 | 100% | 0% | 0% |
| Literature - European | 8 | 10.00 | 88% | 13% | 0% |
| Literature - World | 6 | 11.67 | 100% | 17% | 0% |
| Mythology | 6 | 16.67 | 100% | 50% | 17% |
| Other Academic | 3 | 13.33 | 67% | 67% | 0% |
| Philosophy | 5 | 10.00 | 100% | 0% | 0% |
| Pop Culture | 1 | 20.00 | 100% | 0% | 100% |
| Religion | 7 | 12.86 | 86% | 29% | 14% |
| Science - Biology | 5 | 12.00 | 100% | 20% | 0% |
| Science - Chemistry | 4 | 17.50 | 100% | 50% | 25% |
| Science - Other | 6 | 20.00 | 100% | 67% | 33% |
| Science - Physics | 4 | 20.00 | 100% | 75% | 25% |
| Social Science | 2 | 15.00 | 100% | 50% | 0% |